000 00473nam a22001817a 4500
003 MPLRDC
005 20220104193405.0
008 210129b ||||| |||| 00| 0 eng d
020 _a978-986-5855-17-8
082 _a528.2 YJL-2
100 _a尹建莉
245 _a好妈妈胜过好老师 2
_c
250 _a初版
260 _a台湾
_b人类智库数位科技股份有限公司
_c2013
300 _bCD一片
650 _a家庭教育
942 _cBK
_o528.2 YJL-2
999 _c65177
_d65167